[Event "Meschede- Herford"]
[Site "?"]
[Date "2024.02.25"]
[Round "6.4"]
[White "Weber, Andre"]
[Black "Klemme, Thomas"]
[Result "1/2-1/2"]
[WhiteElo "2024"]
[BlackElo "1987"]
[PlyCount "89"]
[EventDate "2024.??.??"]
[SourceVersionDate "2023.09.25"]

1. Nf3 d5 2. d4 Nf6 3. e3 Bf5 4. c4 e6 5. Bd3 Bxd3 6. Qxd3 Nbd7 7. O-O c6 8. b3 Bd6 9. Bb2 O-O 10. Nbd2 Qc7 11. Rac1 Rad8 12. c5 Be7 13. b4 Rfe8 14. a4 h6 15. Rfe1 Nh7 16. e4 dxe4 17. Nxe4 Nhf6 18. Ned2 Nd5 19. Qb3 N7f6 20. Ne5 Rf8 21. Ndc4 Nd7 22. Rc2 N7f6 23. Bc1 Kh7 24. Bd2 Qc8 25. Rb1 Ne4 26. Qd3 f5 27. Bc1 Nxb4 28. Rxb4 Bxc5 29. Rb3 Rxd4 30. Qf1 Rfd8 31. Rd3 R8d5 32. Be3 Rxd3 33. Nxd3 Qd8 34. Ne1 Bb4 35. Rc1 b5 36. axb5 cxb5 37. Nb2 Bd2 38. Bxd2 Rxd2 39. Qxb5 Rxf2 40. Nbd3 Rd2 41. h3 Qd4+ 42. Kh2 Nf2 43. Qc5 Qxc5 44. Nxc5 Rd1 45. Rxd1 1/2-1/2

[Event "Meschede- Herford"]
[Site "?"]
[Date "2024.02.25"]
[Round "6.8"]
[White "Schubert, Gerhard"]
[Black "Fischer, Eckhard"]
[Result "1-0"]
[WhiteElo "1902"]
[BlackElo "1810"]
[PlyCount "73"]
[EventDate "2024.??.??"]
[SourceVersionDate "2023.09.25"]

1. Nf3 Nf6 2. d4 d5 3. Bf4 c5 4. c3 Qb6 5. Qb3 c4 6. Qc2 Nc6 7. Nbd2 Bg4 8. Ne5 Bh5 9. e4 e6 10. Be2 Nxe5 11. dxe5 Bxe2 12. Kxe2 Ng4 13. Rhf1 Bc5 14. Qa4+ Ke7 15. Bg3 h5 16. h3 h4 17. Bxh4+ Rxh4 18. hxg4 Rxg4 19. exd5 exd5 20. b4 Be3 21. fxe3 Rxg2+ 22. Rf2 Rxf2+ 23. Kxf2 Rh8 24. Nf3 g5 25. Rg1 Rh3 26. Qd1 Qh6 27. Qxd5 Qh7 28. Qd6+ Ke8 29. Qb8+ Ke7 30. Qxb7+ Ke8 31. Qa8+ Ke7 32. Qxa7+ Ke8 33. Qb8+ Ke7 34. Qc7+ Ke8 35. Rd1 Rxf3+ 36. Kxf3 Qh5+ 37. Ke4 1-0

[Event "Lippstadt -Werther"]
[Site "?"]
[Date "2024.02.25"]
[Round "6.1"]
[White "Haskenhoff, Jan"]
[Black "Besou, Hussain"]
[Result "0-1"]
[WhiteElo "2171"]
[BlackElo "2221"]
[PlyCount "100"]
[EventDate "2024.??.??"]
[SourceVersionDate "2023.09.25"]

1. d4 Nf6 2. Nf3 e6 3. c4 b6 4. g3 Ba6 5. Qc2 c5 6. Bg2 Nc6 7. O-O cxd4 8. Rd1 Rc8 9. Qa4 Bb7 10. Nxd4 Nxd4 11. Rxd4 Bxg2 12. Kxg2 Bc5 13. Rh4 Qc7 14. Nc3 Qc6+ 15. Qxc6 Rxc6 16. Bg5 h6 17. Bxf6 gxf6 18. Rd1 f5 19. b3 h5 20. Rf4 Rh6 21. Rf3 a6 22. Rfd3 Rc7 23. Na4 Ke7 24. Nxc5 bxc5 25. Rd6 Ra7 26. Kh3 Rh8 27. Rb6 f6 28. Rdd6 a5 29. a4 Raa8 30. Rd3 Rhb8 31. Rdd6 Kd8 32. Rb5 Kc7 33. Rd3 Rxb5 34. axb5 a4 35. bxa4 Rxa4 36. b6+ Kc6 37. Kh4 Rxc4+ 38. Kxh5 Rb4 39. Kg6 c4 40. Rc3 d5 41. h4 Rb2 42. Re3 e5 43. h5 d4 44. Ra3 c3 45. h6 Rb1 46. h7 Rh1 47. Ra8 Kb7 48. h8=Q Rxh8 49. Rxh8 c2 50. Rh1 e4 0-1

[Event "Lippstadt - Werther"]
[Site "?"]
[Date "2024.02.25"]
[Round "6.2"]
[White "Wagner, Alexej"]
[Black "Freiberger, Jonas"]
[Result "1/2-1/2"]
[WhiteElo "2212"]
[BlackElo "2209"]
[PlyCount "84"]
[EventDate "2024.??.??"]
[SourceVersionDate "2023.09.25"]

1. d4 f5 2. g3 Nf6 3. Bg2 d6 4. Nd2 Nc6 5. d5 Ne5 6. c4 c6 7. Nh3 cxd5 8. cxd5 g6 9. O-O Bg7 10. Nb3 O-O 11. Nd4 Qb6 12. Nf4 Bd7 13. Nde6 Rfc8 14. b3 a5 15. Be3 Qa6 16. a3 a4 17. b4 Bh8 18. Bd4 Qc4 19. h4 Qc2 20. Rc1 Qxd1 21. Rfxd1 Nc4 22. Rc3 Ng4 23. Bxh8 Kxh8 24. Nd4 Nb6 25. Rdc1 Rxc3 26. Rxc3 Rc8 27. Rxc8+ Bxc8 28. e3 Ne5 29. Bf1 Nec4 30. Nc2 Kg7 31. Bxc4 Nxc4 32. Ne2 Nb6 33. Nc3 Kf6 34. Kf1 e6 35. dxe6 Bxe6 36. Nd4 Bd7 37. Ke2 Nc4 38. Nc2 Bc6 39. Kd3 Ne5+ 40. Kd4 Nf3+ 41. Kd3 Ne5+ 42. Kd4 Nf3+ 1/2-1/2

[Event "Lippstadt - Werther"]
[Site "?"]
[Date "2024.02.25"]
[Round "6.3"]
[White "Goecke, Karl Ulrich"]
[Black "Tran, Duc Cuong"]
[Result "1-0"]
[WhiteElo "2148"]
[BlackElo "2124"]
[PlyCount "63"]
[EventDate "2024.??.??"]
[SourceVersionDate "2023.09.25"]

1. d4 d5 2. Nf3 Nf6 3. g3 e6 4. Bg2 c5 5. O-O Nc6 6. c4 dxc4 7. Ne5 Bd7 8. Na3 cxd4 9. Naxc4 Be7 10. Qb3 Qc7 11. Bf4 Nh5 12. Nxc6 Nxf4 13. Nxe7 Nxg2 14. Rfd1 Qc5 15. Qxb7 Kxe7 16. Rac1 Qd5 17. Qb4+ Kf6 18. Nd6 e5 19. e4 Qe6 20. Kxg2 Rab8 21. Qa3 g6 22. f3 Rb6 23. Nc4 Ra6 24. Qb4 Ra4 25. Qb3 Rc8 26. Nxe5 Qh3+ 27. Kg1 Rxc1 28. Nxd7+ Qxd7 29. Rxc1 d3 30. Qc3+ Ke7 31. Qe5+ Kd8 32. Qb8+ 1-0

[Event "Lippstadt - Werther"]
[Site "?"]
[Date "2024.02.25"]
[Round "6.4"]
[White "Fecke, Andreas"]
[Black "Henkemeier, Markus"]
[Result "0-1"]
[WhiteElo "2134"]
[BlackElo "2037"]
[PlyCount "104"]
[EventDate "2024.??.??"]
[SourceVersionDate "2023.09.25"]

1. e4 c6 2. d3 d5 3. Nf3 Bg4 4. Be2 Bxf3 5. Bxf3 e6 6. c3 Bd6 7. Qe2 Ne7 8. d4 dxe4 9. Bxe4 Qc7 10. Bg5 Bf4 11. Bxf4 Qxf4 12. Na3 Nd7 13. O-O O-O 14. Nc4 Rac8 15. Rfe1 Rfd8 16. Rad1 b6 17. Bc2 Ng6 18. g3 Qc7 19. h4 Ngf8 20. Ne3 Nf6 21. Ng4 Nxg4 22. Qxg4 Nd7 23. Qf3 Nf6 24. g4 c5 25. g5 Nd7 26. h5 Nf8 27. Re4 cxd4 28. Rexd4 Rxd4 29. Rxd4 Qe5 30. Qe3 Qb5 31. Qd2 Rc5 32. f4 Rc8 33. Be4 Rc4 34. Qe2 Rc5 35. c4 Qb4 36. a3 Qb3 37. Kg2 Rc8 38. Bc2 Qa2 39. Bd3 Qa1 40. Be4 Qc1 41. Bf3 b5 42. b3 Qxa3 43. cxb5 Rc3 44. h6 Qxb3 45. Rd8 Rc2 46. Rd2 Rc5 47. Rb2 Qc3 48. b6 axb6 49. hxg7 Kxg7 50. Rxb6 Ng6 51. Kg3 Rf5 52. Qh2 Qe1+ 0-1

[Event "Lippstadt - Werther"]
[Site "?"]
[Date "2024.02.25"]
[Round "6.5"]
[White "Hufendiek, Ekkehard"]
[Black "Graf, Tobias"]
[Result "0-1"]
[WhiteElo "1854"]
[BlackElo "1970"]
[PlyCount "92"]
[EventDate "2024.??.??"]
[SourceVersionDate "2023.09.25"]

1. e4 e5 2. Nf3 Nc6 3. Bc4 Nf6 4. d3 Be7 5. O-O O-O 6. Re1 d6 7. c3 Na5 8. Bb5 a6 9. Ba4 c5 10. d4 Qc7 11. Bg5 Bg4 12. Nbd2 b5 13. Bc2 cxd4 14. cxd4 Nc6 15. d5 Nd4 16. Rc1 Rfc8 17. Bxf6 Bxf6 18. Bd3 Qa5 19. Rxc8+ Rxc8 20. Qb1 Bxf3 21. Nxf3 Nxf3+ 22. gxf3 Bg5 23. h3 Bf4 24. Kf1 b4 25. Ke2 Qb6 26. Rd1 a5 27. b3 Rc3 28. Rh1 g6 29. Rd1 Qc5 30. Rf1 Kg7 31. Rd1 Bg5 32. Rh1 Bh4 33. Rf1 Qd4 34. Qd1 Bg5 35. Qb1 Qc5 36. Rd1 Qc8 37. Rh1 h5 38. Bb5 Qd8 39. Bd3 Qf6 40. Rf1 Qf4 41. Rd1 Bd8 42. Rg1 Bb6 43. Rh1 Bxf2 44. Kxf2 Qd2+ 45. Be2 Qe3+ 46. Kg3 h4+ 0-1

[Event "Lippstadt - Werther"]
[Site "?"]
[Date "2024.02.25"]
[Round "6.6"]
[White "Schulte, Tobias"]
[Black "Prochnow, Malte"]
[Result "1/2-1/2"]
[WhiteElo "1841"]
[BlackElo "1905"]
[PlyCount "72"]
[EventDate "2024.??.??"]
[SourceVersionDate "2023.09.25"]

1. e4 e5 2. Nf3 Nc6 3. Bc4 Nf6 4. Ng5 d5 5. exd5 Nd4 6. c3 b5 7. Bf1 Nxd5 8. cxd4 Qxg5 9. Bxb5+ Kd8 10. O-O Bb7 11. Qf3 Rb8 12. dxe5 Ne3 13. Qh3 Qxg2+ 14. Qxg2 Nxg2 15. d4 Nh4 16. Bg5+ Be7 17. Bxh4 Bxh4 18. Nc3 Bf3 19. Be2 Bxe2 20. Nxe2 Rxb2 21. Rab1 Rxb1 22. Rxb1 Kc8 23. f4 Rd8 24. Kg2 Be7 25. Kf3 a5 26. Ke4 Bb4 27. Rc1 Kd7 28. d5 Rc8 29. Rc6 Rb8 30. f5 Bf8 31. e6+ fxe6 32. fxe6+ Kd8 33. Nd4 Rb1 34. Ra6 Re1+ 35. Kd3 Rd1+ 36. Ke4 Re1+ 1/2-1/2

[Event "Lippstadt - Werther"]
[Site "?"]
[Date "2024.02.25"]
[Round "6.7"]
[White "Ortpaul, Mario"]
[Black "Homfeldt, Christopher"]
[Result "1-0"]
[WhiteElo "1937"]
[BlackElo "1782"]
[PlyCount "91"]
[EventDate "2024.??.??"]
[SourceVersionDate "2023.09.25"]

1. Nf3 Nf6 2. c4 e6 3. Nc3 d5 4. cxd5 exd5 5. d4 c6 6. Bg5 h6 7. Bh4 Be7 8. e3 Bf5 9. Bd3 Ne4 10. Bxe7 Qxe7 11. Qc2 Nd7 12. O-O O-O 13. Rfe1 Bh7 14. Nd2 f5 15. f3 Nxd2 16. Qxd2 Nf6 17. Re2 Rae8 18. Rae1 Qd7 19. b4 Re7 20. b5 cxb5 21. Bxb5 Qd6 22. Ba4 a6 23. Bb3 Kh8 24. Rc1 b5 25. Nd1 Nd7 26. Qa5 Qb6 27. Qxb6 Nxb6 28. Rc6 Rf6 29. Rc5 Bg8 30. Nc3 Rd6 31. Kf2 g6 32. Nd1 Nc4 33. Nb2 Kg7 34. Nd3 Rde6 35. Bxc4 dxc4 36. Ne5 Rd6 37. f4 Bd5 38. Rb2 Bf7 39. Ke2 Rb7 40. Nxc4 Bxc4+ 41. Rxc4 bxc4 42. Rxb7+ Kf6 43. Kd2 Ke6 44. Rc7 Kd5 45. Rc5+ Ke6 46. Re5+ 1-0

[Event "Hamm - Kirchlengern"]
[Site "?"]
[Date "2024.03.17"]
[Round "7.1"]
[White "Gulatz, Maurice"]
[Black "Frombach, Ralf"]
[Result "1/2-1/2"]
[WhiteElo "2189"]
[BlackElo "2176"]
[PlyCount "87"]
[EventDate "2024.??.??"]
[SourceVersionDate "2023.09.25"]

1. d4 Nf6 2. Nf3 d5 3. g3 Bf5 4. Bg2 e6 5. c4 c6 6. Nc3 Nbd7 7. Qb3 Qb6 8. c5 Qc7 9. Bf4 Qc8 10. Nh4 Bg4 11. h3 Bh5 12. g4 Bg6 13. Nxg6 hxg6 14. O-O b6 15. cxb6 axb6 16. Rac1 Qa6 17. e4 Be7 18. exd5 cxd5 19. Nb5 O-O 20. a3 Rac8 21. Nc7 Qb7 22. Rc2 g5 23. Bh2 Ne4 24. Bxe4 dxe4 25. Rfc1 Bf6 26. Nb5 Rxc2 27. Rxc2 e3 28. Qxe3 Qd5 29. a4 e5 30. Rd2 Rc8 31. Nc3 Qa5 32. dxe5 Nxe5 33. Bxe5 Qxe5 34. Qxe5 Bxe5 35. Nd5 Rc1+ 36. Kg2 Rb1 37. Nxb6 Bxb2 38. Rd8+ Kh7 39. Rd2 Bc3 40. Rc2 Bd4 41. Nc4 Ra1 42. a5 f6 43. Rd2 Bc3 44. Rd7 1/2-1/2

[Event "Hamm - Kirchlengern"]
[Site "?"]
[Date "2024.03.17"]
[Round "7.2"]
[White "Dargel, Manuel"]
[Black "Dilger, Tim"]
[Result "0-1"]
[WhiteElo "2152"]
[BlackElo "1924"]
[PlyCount "64"]
[EventDate "2024.??.??"]
[SourceVersionDate "2023.09.25"]

1. c4 Nf6 2. Nc3 e6 3. e4 d5 4. e5 d4 5. exf6 dxc3 6. bxc3 Qxf6 7. d4 c5 8. Nf3 h6 9. Bd3 Bd6 10. Rb1 Nd7 11. Be4 Rb8 12. Qe2 O-O 13. g4 Bf4 14. h4 Bxc1 15. Rxc1 Qf4 16. Nd2 f5 17. Bf3 cxd4 18. cxd4 Qxd4 19. gxf5 Ne5 20. Be4 exf5 21. Bd5+ Kh8 22. Rh3 Bd7 23. Nb3 Qf4 24. Kf1 Rbe8 25. Qe3 Qg4 26. Rh1 f4 27. Qd4 Nc6 28. Qd1 f3 29. Rh2 Rf6 30. Nd2 Rg6 31. Nxf3 Qh3+ 32. Rxh3 Bxh3# 0-1

[Event "Hamm - Kirchlengern"]
[Site "?"]
[Date "2024.03.17"]
[Round "7.3"]
[White "Knollmann, Benjamin"]
[Black "Pruess, Wilfried"]
[Result "1-0"]
[WhiteElo "1930"]
[BlackElo "2083"]
[PlyCount "37"]
[EventDate "2024.??.??"]
[SourceVersionDate "2023.09.25"]

1. e4 c5 2. Nf3 e6 3. d4 cxd4 4. Nxd4 Nf6 5. Nc3 d6 6. g4 h6 7. h4 Nc6 8. Rg1 g6 9. g5 hxg5 10. Bxg5 a6 11. Nxc6 bxc6 12. e5 Be7 13. exf6 Bxf6 14. Qf3 Bxg5 15. hxg5 d5 16. O-O-O Qb6 17. Qf6 Rh2 18. Bg2 Qd8 19. Qe5 1-0

[Event "Hamm - Kirchlengern"]
[Site "?"]
[Date "2024.03.17"]
[Round "7.4"]
[White "Gerard, Marcel"]
[Black "Brueggemann, Jan Lucas"]
[Result "1/2-1/2"]
[WhiteElo "2072"]
[BlackElo "1876"]
[PlyCount "97"]
[EventDate "2024.??.??"]
[SourceVersionDate "2023.09.25"]

1. c4 e5 2. g3 Nf6 3. Bg2 Bc5 4. Nc3 c6 5. e3 O-O 6. Nge2 d6 7. O-O Bb6 8. d4 Nbd7 9. b3 Re8 10. d5 c5 11. e4 Nf8 12. h3 Bd7 13. Qd3 Ng6 14. Kh2 Ba5 15. Be3 Rb8 16. a3 a6 17. Rfb1 Bxc3 18. Nxc3 b5 19. cxb5 axb5 20. a4 bxa4 21. bxa4 Qa5 22. Nb5 Bxb5 23. axb5 Qc7 24. Ra6 Rb6 25. Bd2 Rb7 26. Rc6 Qe7 27. b6 Reb8 28. Ba5 Ne8 29. Bf3 Qd8 30. Bg4 Ne7 31. f4 exf4 32. gxf4 Ng6 33. Rf1 Ne7 34. Rb1 Nxc6 35. dxc6 Rxb6 36. Bxb6 Rxb6 37. Rxb6 Qxb6 38. Bd7 Nf6 39. Kg3 Qc7 40. Qa6 g6 41. Qa8+ Kg7 42. Qa1 h6 43. Kg2 c4 44. Qd4 Qa5 45. Qxc4 Qd2+ 46. Kf3 Qd1+ 47. Kf2 Qd2+ 48. Kf3 Qd1+ 49. Kf2 1/2-1/2

[Event "Paderborn- Lippstadt"]
[Site "?"]
[Date "2024.03.17"]
[Round "7.1"]
[White "Besou, Hussain"]
[Black "Moeller, Maurin"]
[Result "0-1"]
[WhiteElo "2239"]
[BlackElo "2274"]
[PlyCount "76"]
[EventDate "2024.??.??"]
[SourceVersionDate "2023.09.25"]

1. d4 Nf6 2. c4 g6 3. Nc3 d5 4. cxd5 Nxd5 5. e4 Nxc3 6. bxc3 Bg7 7. Bc4 c5 8. Ne2 O-O 9. O-O Nc6 10. Be3 Bg4 11. f3 Na5 12. Bxf7+ Rxf7 13. fxg4 Rxf1+ 14. Kxf1 Qd6 15. e5 Nc4 16. Bf2 Qd5 17. g5 Rd8 18. Qe1 Rf8 19. Kg1 h6 20. h4 Qe4 21. Ng3 Qxh4 22. Qe2 b5 23. Ne4 Rxf2 24. Nxf2 cxd4 25. cxd4 Qxd4 26. Rd1 Qb6 27. Kh1 h5 28. Ne4 Nxe5 29. Qd2 Kh7 30. Qd5 Ng4 31. Rc1 Qe3 32. Rf1 Qe2 33. Ng3 Qe3 34. Ne4 b4 35. Qe6 Qd3 36. Re1 Qd8 37. Rf1 Qc7 38. g3 Qc2 0-1

[Event "Paderborn- Lippstadt"]
[Site "?"]
[Date "2024.03.17"]
[Round "7.2"]
[White "Kesselmeier, Kevin"]
[Black "Wehmeier, Stefan"]
[Result "0-1"]
[WhiteElo "2034"]
[BlackElo "2411"]
[PlyCount "54"]
[EventDate "2024.??.??"]
[SourceVersionDate "2023.09.25"]

1. e4 e5 2. Nf3 Nc6 3. Bb5 a6 4. Ba4 Nf6 5. O-O Nxe4 6. d4 b5 7. Bb3 d5 8. dxe5 Be6 9. Nbd2 Nc5 10. c3 Be7 11. Bc2 Bg4 12. Re1 O-O 13. Nf1 Bh5 14. Bxh7+ Kxh7 15. Ng5+ Bxg5 16. Qxh5+ Bh6 17. Ng3 Ne7 18. Bxh6 gxh6 19. Rad1 Qc8 20. f4 Ne4 21. Rxe4 dxe4 22. f5 f6 23. e6 Qe8 24. Qh4 Rd8 25. Rf1 e3 26. Qe4 Qc6 27. Qxe3 Qb6 0-1

[Event "Paderborn- Lippstadt"]
[Site "?"]
[Date "2024.03.17"]
[Round "7.3"]
[White "Hecht, Carsten"]
[Black "Augner, Bjoern"]
[Result "1-0"]
[WhiteElo "2295"]
[BlackElo "2052"]
[PlyCount "71"]
[EventDate "2024.??.??"]
[SourceVersionDate "2023.09.25"]

1. d4 Nf6 2. c4 g6 3. Nc3 d5 4. Nf3 Bg7 5. Qb3 dxc4 6. Qxc4 O-O 7. e4 Nfd7 8. Be3 Nb6 9. Qb3 Nc6 10. Rd1 Bg4 11. d5 Ne5 12. Be2 Nxf3+ 13. gxf3 Bh5 14. Kf1 Qc8 15. Kg2 e6 16. dxe6 Qxe6 17. Qxe6 fxe6 18. Nb5 Rf7 19. Rd2 Be5 20. Rhd1 Kg7 21. f4 Bxe2 22. Rxe2 Bf6 23. e5 Bh4 24. Kh3 Bd8 25. Nd4 Re7 26. Red2 Nc4 27. Nxe6+ Rxe6 28. Rxd8 Rxd8 29. Rxd8 Nxe3 30. Rd7+ Kh6 31. fxe3 g5 32. Kg4 Rc6 33. Kf5 gxf4 34. exf4 Rc5 35. Kf6 Rc2 36. e6 1-0

[Event "Paderborn- Lippstadt"]
[Site "?"]
[Date "2024.03.17"]
[Round "7.4"]
[White "Schlangenotto, Niklas"]
[Black "Wagner, Alexej"]
[Result "1-0"]
[WhiteElo "2012"]
[BlackElo "2218"]
[PlyCount "57"]
[EventDate "2024.??.??"]
[SourceVersionDate "2023.09.25"]

1. e4 c5 2. d4 cxd4 3. c3 dxc3 4. Nxc3 Nc6 5. Nf3 d6 6. Bc4 e6 7. O-O a6 8. Qe2 Be7 9. Rd1 Bd7 10. Bf4 e5 11. Be3 Nf6 12. h3 b5 13. Bb3 O-O 14. Rac1 Qe8 15. g4 b4 16. Nd5 Nxd5 17. Bxd5 a5 18. Kh2 Rc8 19. Qa6 h6 20. Rg1 Kh8 21. g5 h5 22. Nh4 Nd4 23. Bxd4 exd4 24. Qe2 g6 25. Qd2 Rxc1 26. Rxc1 f6 27. gxf6 Kh7 28. fxe7 Qxe7 29. Rc7 1-0

[Event "Paderborn- Lippstadt"]
[Site "?"]
[Date "2024.03.17"]
[Round "7.5"]
[White "Tran, Duc Cuong"]
[Black "Hoette, Moritz"]
[Result "1/2-1/2"]
[WhiteElo "2111"]
[BlackElo "2074"]
[PlyCount "51"]
[EventDate "2024.??.??"]
[SourceVersionDate "2023.09.25"]

1. d4 c6 2. Nf3 d5 3. Bf4 Nf6 4. h3 Qb6 5. Qc1 Bf5 6. e3 Nbd7 7. Be2 h6 8. O-O e6 9. c4 Be7 10. Nc3 O-O 11. c5 Qd8 12. b4 Ne4 13. Qb2 g5 14. Bh2 Kh7 15. Nd2 Ndf6 16. f3 Nxc3 17. Qxc3 Nd7 18. a4 Bf6 19. b5 Re8 20. bxc6 bxc6 21. Bd3 Bxd3 22. Qxd3+ Kg8 23. Rab1 e5 24. Rb7 exd4 25. exd4 Qe7 26. Nb3 1/2-1/2

[Event "Paderborn- Lippstadt"]
[Site "?"]
[Date "2024.03.17"]
[Round "7.6"]
[White "Sicker, Rolf"]
[Black "Kruse, Janik"]
[Result "0-1"]
[WhiteElo "2034"]
[BlackElo "2128"]
[PlyCount "74"]
[EventDate "2024.??.??"]
[SourceVersionDate "2023.09.25"]

1. e4 e5 2. Nc3 Nc6 3. Nf3 Nf6 4. g3 Bc5 5. Bg2 d6 6. h3 O-O 7. d3 a5 8. O-O Be6 9. Bg5 h6 10. Be3 Bxe3 11. fxe3 d5 12. exd5 Nxd5 13. Nxd5 Bxd5 14. e4 Be6 15. Qd2 Qd6 16. Kh2 Rad8 17. Rf2 Qb4 18. c3 Qc5 19. Ne1 Rd7 20. Qe2 Rfd8 21. Rd1 b5 22. Qf3 Bxa2 23. b4 axb4 24. Rxa2 bxc3 25. Rc1 b4 26. Qf2 Nd4 27. Ra4 Qb5 28. Rca1 b3 29. Rc4 c2 30. Nxc2 bxc2 31. Rc1 Rb8 32. Bf1 Qb2 33. R1xc2 Nxc2 34. Rxc2 Qd4 35. Qe2 Rb1 36. h4 c5 37. g4 Rdb7 0-1

[Event "Herford - Sodingen"]
[Site "?"]
[Date "2024.03.17"]
[Round "7.1"]
[White "Werrn, Pascal"]
[Black "Quelle, Helmut"]
[Result "0-1"]
[WhiteElo "2123"]
[BlackElo "2048"]
[PlyCount "92"]
[EventDate "2024.??.??"]
[SourceVersionDate "2023.09.25"]

1. e4 e6 2. d4 d5 3. Nd2 Be7 4. Bd3 Nf6 5. e5 Nfd7 6. c3 b6 7. f4 Ba6 8. Bxa6 Nxa6 9. Ne2 c5 10. a3 Nc7 11. O-O f5 12. g4 Nf8 13. gxf5 exf5 14. Nf3 Nfe6 15. Be3 c4 16. Qe1 h6 17. Qb1 Rf8 18. Ng3 g6 19. Kh1 Kd7 20. Rg1 Qe8 21. Qc2 g5 22. Nxf5 Qg6 23. Qa4+ b5 24. Nxe7 Qe4 25. Qb4 Qxf3+ 26. Rg2 Rf7 27. Qd6+ Ke8 28. Ng6 Rd8 29. Qc6+ Rdd7 30. Bd2 Rg7 31. Kg1 Rxg6 32. Rg3 Qe4 33. f5 Qxf5 34. Rf1 Nf4 35. Qxg6+ Qxg6 36. Bxf4 Ne6 37. Be3 Rf7 38. Rxf7 Qxf7 39. Kg2 Qf5 40. Rf3 Nf4+ 41. Bxf4 gxf4 42. Rf2 Qg4+ 43. Kf1 f3 44. Rd2 Qf4 45. Rc2 Qe3 46. h3 Qd3+ 0-1

[Event "Herford - Sodingen"]
[Site "?"]
[Date "2024.03.17"]
[Round "7.2"]
[White "Stoimenov, Ivan"]
[Black "Waldschmidt, Georg"]
[Result "0-1"]
[WhiteElo "2062"]
[BlackElo "2119"]
[PlyCount "138"]
[EventDate "2024.??.??"]
[SourceVersionDate "2023.09.25"]

1. d4 d5 2. Bf4 Nf6 3. e3 e6 4. Nf3 Bd6 5. Ne5 O-O 6. Bd3 c5 7. c3 b6 8. Qf3 Ba6 9. Bc2 Qc7 10. g4 Nbd7 11. Nxd7 Nxd7 12. Qh3 g6 13. Bh6 Rfe8 14. dxc5 bxc5 15. Nd2 Rab8 16. Rb1 Qa5 17. f4 Qxa2 18. Kf2 Qa5 19. Nf3 e5 20. fxe5 Bxe5 21. Rhd1 Bb7 22. Nxe5 Nxe5 23. Bf4 Bc6 24. Qg3 Qc7 25. h4 Qe7 26. b3 Rb7 27. Ra1 Nd7 28. g5 Nf8 29. Bd6 Qd7 30. Bxc5 Ne6 31. Bd6 Ng7 32. Bc5 Nf5 33. Qf4 Ng7 34. Qd6 Qc8 35. Bd4 Re6 36. Qf4 Nh5 37. Qf3 Qb8 38. Kg2 Bd7 39. Rf1 Bb5 40. Rf2 Rbe7 41. Qh3 Bd7 42. Qh2 Qe8 43. Bd1 Ng7 44. Bg4 Rxe3 45. Bxe3 Rxe3 46. Bxd7 Qxd7 47. Qb8+ Re8 48. Rxa7 Qe6 49. Qf4 Nf5 50. Rb7 d4 51. Rb8 dxc3 52. Rxe8+ Qxe8 53. Kf3 Qc6+ 54. Qe4 Nd4+ 55. Ke3 Qxe4+ 56. Kxe4 c2 57. Rxc2 Nxc2 58. Kd3 Na3 59. b4 Kf8 60. Kc3 Ke7 61. Kb3 Nb5 62. Kc4 Nd6+ 63. Kd5 Nb5 64. Kc5 Na3 65. Kd5 f6 66. Ke4 Ke6 67. gxf6 Kxf6 68. Kf4 h6 69. Kg4 Ke5 0-1

[Event "Herford - Sodingen"]
[Site "?"]
[Date "2024.03.17"]
[Round "7.3"]
[White "Boehnke, Martin"]
[Black "Schalt, Guideon"]
[Result "1-0"]
[WhiteElo "2120"]
[BlackElo "1867"]
[PlyCount "63"]
[EventDate "2024.??.??"]
[SourceVersionDate "2023.09.25"]

1. d4 Nf6 2. c4 e6 3. g3 d5 4. Bg2 c6 5. Nf3 Bd6 6. O-O O-O 7. Nc3 Nbd7 8. Nd2 Re8 9. e4 dxe4 10. Ndxe4 Nxe4 11. Nxe4 Bf8 12. Bf4 Nf6 13. Nxf6+ Qxf6 14. Qd2 h6 15. Rad1 g5 16. Be3 Qg6 17. f4 f6 18. Qf2 Kg7 19. Rfe1 Bd7 20. a3 Rac8 21. b4 b6 22. Bc1 Bd6 23. Be4 f5 24. Bg2 g4 25. Bb2 Kf7 26. Rc1 h5 27. b5 cxb5 28. c5 bxc5 29. dxc5 Bc7 30. c6 Bb6 31. Bd4 e5 32. Bxb6 1-0

[Event "Herford - Sodingen"]
[Site "?"]
[Date "2024.03.17"]
[Round "7.4"]
[White "Klemme, Thomas"]
[Black "Banik, Thorsten"]
[Result "1/2-1/2"]
[WhiteElo "1977"]
[BlackElo "2113"]
[PlyCount "35"]
[EventDate "2024.??.??"]
[SourceVersionDate "2023.09.25"]

1. b3 d5 2. Bb2 Nf6 3. e3 Bf5 4. d4 e6 5. Bd3 Bg6 6. Nf3 Nbd7 7. Nbd2 Ne4 8. a3 Bd6 9. O-O O-O 10. Ne5 Bf5 11. f3 Nxd2 12. Qxd2 f6 13. Nxd7 Qxd7 14. e4 Bg6 15. Rae1 c6 16. Kh1 Rae8 17. f4 f5 18. e5 1/2-1/2

[Event "Herford- Sodingen"]
[Site "?"]
[Date "2024.03.17"]
[Round "7.5"]
[White "Mueller, Frank"]
[Black "Besler, Mattis Bernd"]
[Result "1/2-1/2"]
[WhiteElo "1993"]
[BlackElo "1987"]
[PlyCount "26"]
[EventDate "2024.??.??"]
[SourceVersionDate "2023.09.25"]

1. e4 c5 2. Nc3 d6 3. g3 Nf6 4. Bg2 g6 5. d3 Bg7 6. f4 Nc6 7. Nf3 Rb8 8. O-O e6 9. h3 O-O 10. Be3 Nd7 11. f5 Nd4 12. fxe6 Nxf3+ 13. Rxf3 fxe6 1/2-1/2

[Event "Herford - Sodingen"]
[Site "?"]
[Date "2024.03.17"]
[Round "7.6"]
[White "Vogt, Hamid"]
[Black "Hille, Ralph Ingo"]
[Result "0-1"]
[WhiteElo "1831"]
[BlackElo "2075"]
[PlyCount "112"]
[EventDate "2024.??.??"]
[SourceVersionDate "2023.09.25"]

1. e4 g6 2. d4 Bg7 3. Nf3 d5 4. exd5 Qxd5 5. c4 Qd8 6. Be2 Nh6 7. O-O Nf5 8. d5 c6 9. Nc3 O-O 10. Bf4 cxd5 11. Nxd5 Na6 12. Rb1 e6 13. Ne3 Nxe3 14. fxe3 Qb6 15. Kh1 f6 16. Qd6 e5 17. Qxb6 axb6 18. Bg3 Nc5 19. a3 Ne4 20. Be1 Bh6 21. Nd2 Bf5 22. Nxe4 Bxe4 23. Rd1 Bxe3 24. Bb4 Bc5 25. Bc3 Rae8 26. b4 Be7 27. Rd7 Bc6 28. Rxe7 Rxe7 29. b5 Be4 30. Bb4 Ref7 31. Bxf8 Rxf8 32. Rd1 Ra8 33. Bf3 Bxf3 34. gxf3 Rxa3 35. Kg2 Rc3 36. Rd6 Kg7 37. Rd7+ Kh6 38. Rxb7 Rxc4 39. Rxb6 Kg5 40. Rc6 Rb4 41. b6 h5 42. Kf2 Rb2+ 43. Kg3 h4+ 44. Kh3 Rb3 45. Kg2 f5 46. Re6 Rb2+ 47. Kh3 Kf4 48. Rxg6 Kxf3 49. Rc6 Kf4 50. Rh6 e4 51. Rxh4+ Kf3 52. Rh6 e3 53. Rc6 e2 54. Rc3+ Kf2 55. b7 Rxb7 56. Rc4 Rh7+ 0-1

[Event "Herford- Sodingen"]
[Site "?"]
[Date "2024.03.17"]
[Round "7.8"]
[White "Fischer, Eckhard"]
[Black "Zwielich, Frank"]
[Result "1/2-1/2"]
[WhiteElo "1877"]
[BlackElo "2064"]
[PlyCount "27"]
[EventDate "2024.??.??"]
[SourceVersionDate "2023.09.25"]

1. e4 c5 2. Nf3 e6 3. d4 cxd4 4. Nxd4 a6 5. Be2 Bc5 6. O-O Ne7 7. Nc3 O-O 8. Be3 Qc7 9. Qd2 b5 10. a3 Bb7 11. Nb3 Bxe3 12. Qxe3 d6 13. Rad1 Nd7 14. Qg3 1/2-1/2

[Event "Kamen - Meschede"]
[Site "?"]
[Date "2024.03.17"]
[Round "7.1"]
[White "Rittmeier, Bernhard"]
[Black "Luetke, Jens"]
[Result "1/2-1/2"]
[WhiteElo "2200"]
[BlackElo "2152"]
[PlyCount "45"]
[EventDate "2024.??.??"]
[SourceVersionDate "2023.09.25"]

1. Nf3 c5 2. c4 g6 3. d4 cxd4 4. Nxd4 Bg7 5. e4 Nf6 6. Nc3 Nc6 7. Be3 O-O 8. Be2 d6 9. O-O Bd7 10. Qd2 Nxd4 11. Bxd4 Bc6 12. f3 a5 13. Rfd1 Nd7 14. Be3 a4 15. Rab1 Qa5 16. Rdc1 Rfc8 17. b4 axb3 18. axb3 Qb4 19. Rc2 Ra3 20. Nd5 Qxd2 21. Rxd2 Bxd5 22. Rxd5 Nc5 23. Bd1 1/2-1/2

[Event "Kamen - Meschede"]
[Site "?"]
[Date "2024.03.17"]
[Round "7.2"]
[White "Weidemann, Christian"]
[Black "Voss, Georg"]
[Result "1-0"]
[WhiteElo "2200"]
[BlackElo "1912"]
[PlyCount "67"]
[EventDate "2024.??.??"]
[SourceVersionDate "2023.09.25"]

1. e4 c5 2. Nf3 a6 3. c3 d5 4. exd5 Qxd5 5. d4 Nf6 6. Be2 e6 7. O-O Nc6 8. Be3 Nd7 9. c4 Qd6 10. Nc3 cxd4 11. Nxd4 Be7 12. Qd2 Nxd4 13. Qxd4 Qxd4 14. Bxd4 Bf6 15. Rfd1 Bxd4 16. Rxd4 Ne5 17. Rad1 Ke7 18. f4 Nc6 19. R4d2 Rb8 20. Na4 b5 21. cxb5 axb5 22. Nc3 b4 23. Ne4 Rd8 24. Nd6 Kf8 25. Bf3 Ne7 26. Nc4 Rxd2 27. Rxd2 Ba6 28. Nb6 Ke8 29. Na8 Kf8 30. Kf2 g6 31. Nc7 Bb7 32. Bxb7 Rxb7 33. Rd8+ Kg7 34. Rd7 1-0